Normal view
MARC view
Entry Topical Term
001 - CONTROL NUMBER
- control field: 14139
003 - CONTROL NUMBER IDENTIFIER
- control field: HDC
005 - DATE AND TIME OF LATEST TRANSACTION
- control field: 20230624073427.0
008 - FIXED-LENGTH DATA ELEMENTS
- fixed length control field: 210213|| aca||aabn | a|a d
040 ## - CATALOGING SOURCE
- Original cataloging agency: HDC
- Transcribing agency: HDC
150 ## - HEADING--TOPICAL TERM
- Topical term or geographic name entry element: tocotrienol-rich fraction
670 ## - SOURCE DATA FOUND
- Source citation: Work cat.: (HDC): Zafarizal Aldrin Azizul Hasan author 14138, Does the palm tocotrienol-rich fraction induce irritant contact dermatitis? / by, 2008
